000
00352nam a2200157Ia 4500
008
210716s2002 xx 000 0 und d
020
_a
8176355887
041
_a
eng
082
_a
005.2764 WALS
100
_a
Walther, Stephen.
245
_a
ASP.NET.
250
_a
1
260
_a
New Delhi
_b
Techmedia
_c
2002
300
_a
xix,1441
650
_a
ASP
999
_c
185912
_d
185912